000 00776nam a2200229Ia 4500
005 20150217151334.0
010 _aBAC-EN21 ENG-111901
020 _a9788131523636
_c725.00
020 _a8131523632
_c725.00
035 _aB-586683-705
035 _aEN-95433
037 _bAsian Book Centre/Ven
_adpl
037 _bDBAD/PUB
082 _a530
100 _aSharma, B.M.
245 _aPhysics for joint entrance examination JEE (Main) /
_cby B.M.Sharma
260 _c2014
_aDelhi
_bCengage Learning
270 _a418, F.I.E, Patparganj
_bDelhi
_e110092
300 _c28cm(pbk)
_avarious pagings :
_bill.
942 _cEN
_2ddc
_mSHA
_h530
999 _c87966
_d87966